| 000 | 00524cam a2200205ua 4500 | ||
|---|---|---|---|
| 001 | 10765 | ||
| 005 | 20260515114647.0 | ||
| 008 | 190402n ii |||gr||||Z||||||asm | ||
| 040 | _cMAIN | ||
| 041 | _aasm | ||
| 082 | _a305.8 | ||
| 100 |
_aSivnath Barman, _eAuthor. |
||
| 245 |
_aAsamar janajati samasya : _bAitihasik utsa sandhan / _cBy Sivnath Barman . |
||
| 250 | _aBanalata ed. | ||
| 260 |
_aDibrugarh: _bBanalata, _c2013. |
||
| 300 | _a132p. | ||
| 653 | _aSocial groups | ||
| 653 | _aTribes of Assam | ||
| 942 | _cBK | ||
| 999 |
_c9720 _d9720 |
||